Statystyki dla 15 Największych Armii Świata w 2 minuty

Kliknij tutaj aby rozwiązać quiz!

Ogólne statystyki

  • Ten quiz został rozwiązany 203 razy
  • Średni wynik to 9 z 15

Statystyki odpowiedzi

MiejsceKrajPersonel wojskowy% Poprawnych
7Stany Zjednoczone2 229 250
99%
5Rosja3 454 000
98%
6Chiny3 205 000
96%
4Indie5 137 950
89%
8Brazylia2 101 500
76%
1Korea Północna7 769 000
74%
2Korea Południowa6 708 000
65%
15Iran1 000 000
63%
11Egipt1 314 500
48%
10Irak1 612 169
48%
14Indonezja1 075 500
44%
13Ukraina1 197 000
40%
3Wietnam5 522 000
35%
9Tajwan1 831 450
16%
12Kuba1 234 500
4%

Rozkład punktacji

Percentyl według liczby udzielonych odpowiedzi

Procent ludzi z każdym wynikiem

Twoja historia wyników

Nie rozwiązałeś tego quizu